[Event "12th Vidmar Memorial"]
[Site "Portoroz SLO"]
[Date "1997.07.05"]
[Round "1"]
[White "Kozul, Zdenko"]
[Black "Csernyin, Alexander"]
[Result "1/2-1/2"]
[WhiteElo "2605"]
[BlackElo "2640"]
[EventDate "1997.07.04"]
[PlyCount "112"]

1.d4 Nf6 2.c4 e6 3.Nf3 d5 4.Nc3 dxc4 5.e3 a6 6.Bxc4 b5 7.Bd3 Bb7 8.Qe2 b4 
9.Na4 Qd5 10.Qc2 Nbd7 11.b3 Bd6 12.Bb2 O-O 13.Rd1 Rfc8 14.h3 Qh5 15.e4 c5 
16.dxc5 Bxc5 17.Qe2 Ba7 18.O-O Nc5 19.Nxc5 Bxc5 20.Rd2 a5 21.Rfd1 Rd8 22.
Bxf6 gxf6 23.Bb5 Rxd2 24.Rxd2 Qg6 25.Rc2 Bf8 26.Bc6 Ba6 27.Qd1 Rc8 28.Ba4 
Qxe4 29.Rxc8 Bxc8 30.Qd8 Bb7 31.Qxf6 Qb1+ 32.Kh2 Qf5 33.Qxf5 exf5 34.Nd4 
Bd6+ 35.Kg1 Be4 36.Bd7 Bb1 37.Nxf5 Bc5 38.Ne3 Bxe3 39.fxe3 Bxa2 40.Ba4 Bb1
41.Kf2 Be4 42.g4 Kg7 43.Kg3 Kf6 44.Kf4 Bc2 45.e4 Ke6 46.g5 f6 47.h4 fxg5+ 
48.hxg5 Bd1 49.Ke3 Ke5 50.Kd3 Bf3 51.Kc4 Bxe4 52.Be8 Bc2 53.Kb5 Kd4 54.Bf7
Kc3 55.Kxa5 Bd1 56.Bg8 Bc2 1/2-1/2

[Event "12th Vidmar Memorial"]
[Site "Portoroz SLO"]
[Date "1997.07.05"]
[Round "1"]
[White "Zviagintsev, Vadim"]
[Black "Azmaiparashvili, Zurab"]
[Result "1/2-1/2"]
[WhiteElo "2635"]
[BlackElo "2645"]
[EventDate "1997.07.04"]
[PlyCount "71"]

1.d4 Nf6 2.Nf3 g6 3.c4 Bg7 4.Nc3 d5 5.Bg5 Ne4 6.Bf4 Nxc3 7.bxc3 c5 8.e3 
O-O 9.cxd5 cxd4 10.cxd4 Qxd5 11.Be2 Qa5+ 12.Qd2 Nc6 13.Qxa5 Nxa5 14.Bc7 
Nc6 15.Rb1 b6 16.O-O Bb7 17.Rfc1 Rac8 18.Bg3 Na5 19.Nd2 Rxc1+ 20.Rxc1 Rc8 
21.Rxc8+ Bxc8 22.Bf3 Bb7 23.Bxb7 Nxb7 24.Ne4 Na5 25.Nc3 Nc6 26.Kf1 Kf8 27.
Ke2 Ke8 28.Kd3 Kd7 29.Kc4 Kc8 30.Bh4 Bf8 31.e4 a6 32.a4 e5 33.d5 Na5+ 34.
Kd3 Nb7 35.f3 f5 36.Bf2 1/2-1/2

[Event "12th Vidmar Memorial"]
[Site "Portoroz SLO"]
[Date "1997.07.06"]
[Round "2"]
[White "Azmaiparashvili, Zurab"]
[Black "Csernyin, Alexander"]
[Result "1/2-1/2"]
[WhiteElo "2645"]
[BlackElo "2640"]
[EventDate "1997.07.04"]
[PlyCount "44"]

1.c4 e5 2.Nc3 Nf6 3.Nf3 Nc6 4.g3 Bc5 5.Bg2 d6 6.d3 a6 7.Bg5 h6 8.Bxf6 Qxf6
9.O-O Ba7 10.Nd5 Qd8 11.b4 Nd4 12.e3 Nxf3+ 13.Qxf3 c6 14.Nc3 O-O 15.a4 Bd7
16.b5 Bc5 17.Qe2 Bb4 18.Qb2 Bxc3 19.Qxc3 axb5 20.axb5 cxb5 21.Bxb7 Rxa1 
22.Rxa1 bxc4 1/2-1/2

[Event "12th Vidmar Memorial"]
[Site "Portoroz SLO"]
[Date "1997.07.06"]
[Round "2"]
[White "Zviagintsev, Vadim"]
[Black "Mohr, Georg"]
[Result "1-0"]
[WhiteElo "2635"]
[BlackElo "2480"]
[EventDate "1997.07.04"]
[PlyCount "115"]

1.d4 Nf6 2.Nf3 g6 3.c4 Bg7 4.Nc3 O-O 5.e4 d6 6.Be2 e5 7.d5 Na6 8.Nd2 c6 9.
Rb1 Ne8 10.dxc6 bxc6 11.b4 Nac7 12.Nb3 Ne6 13.O-O f5 14.Bf3 f4 15.c5 h5 
16.Be2 Kh7 17.f3 g5 18.b5 cxb5 19.Bxb5 Nd4 20.Nxd4 exd4 21.Na4 Rb8 22.Bd3 
Rxb1 23.Bxb1 Kh8 24.Bb2 dxc5 25.Nxc5 Nc7 26.Qd3 Be5 27.Rd1 g4 28.fxg4 Bxg4
29.Bxd4 Bxd4+ 30.Qxd4+ Qxd4+ 31.Rxd4 f3 32.Bd3 fxg2 33.Kxg2 Rg8 34.Kf2 
Rf8+ 35.Kg3 Rf3+ 36.Kh4 Kg7 37.Kg5 Rh3 38.Rb4 Bc8 39.Rb8 Ne6+ 40.Nxe6+ 
Bxe6 41.Rb7+ Kh8 42.Bb1 Rxh2 43.e5 Rf2 44.Kg6 Rg2+ 45.Kf6 Bxa2 46.Bxa2 
Rxa2 47.e6 Rf2+ 48.Ke7 Kg7 49.Kd8+ Kg6 50.e7 Re2 51.Rb5 Rd2+ 52.Ke8 h4 53.
Re5 Kg7 54.Re4 h3 55.Rg4+ Kf6 56.Kf8 Kf5 57.Rh4 Rf2 58.Rxh3 1-0

[Event "12th Vidmar Memorial"]
[Site "Portoroz SLO"]
[Date "1997.07.07"]
[Round "3"]
[White "Csernyin, Alexander"]
[Black "Beliavsky, Alexander"]
[Result "1/2-1/2"]
[WhiteElo "2640"]
[BlackElo "2710"]
[EventDate "1997.07.04"]
[PlyCount "49"]

1.d4 Nf6 2.c4 g6 3.Nc3 Bg7 4.e4 d6 5.h3 O-O 6.Be3 e5 7.d5 a5 8.Bd3 Na6 9.
Nge2 c6 10.a3 Bd7 11.Bc2 cxd5 12.cxd5 b5 13.O-O Qc7 14.Qd2 Rfc8 15.Rfc1 
Qb7 16.f3 Be8 17.Nd1 Nd7 18.b4 axb4 19.axb4 Nb6 20.Nb2 Bf6 21.Bb3 Bd8 22.
Kh2 Rxc1 23.Rxc1 Rc8 24.Rxc8 Qxc8 25.Nc3 1/2-1/2

[Event "12th Vidmar Memorial"]
[Site "Portoroz SLO"]
[Date "1997.07.07"]
[Round "3"]
[White "Kozul, Zdenko"]
[Black "Zviagintsev, Vadim"]
[Result "1/2-1/2"]
[WhiteElo "2605"]
[BlackElo "2635"]
[EventDate "1997.07.04"]
[PlyCount "50"]

1.d4 d5 2.c4 c6 3.e3 Nf6 4.Nf3 Bf5 5.Nc3 e6 6.Bd3 Bg6 7.Ne5 Bxd3 8.Qxd3 
Nbd7 9.Nxd7 Qxd7 10.O-O Be7 11.Rd1 O-O 12.Bd2 Rad8 13.Be1 Qc7 14.Rac1 Qb8 
15.h3 Rd7 16.c5 e5 17.b4 Re8 18.b5 exd4 19.exd4 Qc8 20.Bd2 Ne4 21.Re1 Bf6 
22.bxc6 bxc6 23.Nxe4 dxe4 24.Rxe4 Rxe4 25.Qxe4 Rxd4 1/2-1/2

[Event "12th Vidmar Memorial"]
[Site "Portoroz SLO"]
[Date "1997.07.07"]
[Round "3"]
[White "Mohr, Georg"]
[Black "Azmaiparashvili, Zurab"]
[Result "0-1"]
[WhiteElo "2480"]
[BlackElo "2645"]
[EventDate "1997.07.04"]
[PlyCount "72"]

1.Nf3 Nf6 2.c4 e6 3.g3 d5 4.Bg2 dxc4 5.Qa4+ Nbd7 6.Qxc4 a6 7.Qc2 c5 8.d3 
b6 9.O-O Bb7 10.b3 Be7 11.Bb2 O-O 12.Nbd2 Rc8 13.Rac1 b5 14.Qb1 Qb6 15.Qa1
Rfd8 16.Ne5 Bxg2 17.Kxg2 Qb7+ 18.Ndf3 Nb6 19.h4 Nfd5 20.h5 f6 21.Ng4 e5 
22.h6 Qd7 23.Nfh2 c4 24.dxc4 bxc4 25.Rfd1 c3 26.Bxc3 Qc6 27.Nf3 Nxc3 28.
Rxd8+ Bxd8 29.hxg7 Qe6 30.Ngxe5 Nbd5 31.e4 Nxe4 32.Rxc8 Qxc8 33.Qd4 Nec3 
34.Nc4 Qe6 35.Qa7 Nf4+ 36.Kg1 Nce2+ {Und Wei gab angesichts des 
bevorstehenden Matts auf.Ribli.} 0-1

[Event "12th Vidmar Memorial"]
[Site "Portoroz SLO"]
[Date "1997.07.08"]
[Round "4"]
[White "Mohr, Georg"]
[Black "Kozul, Zdenko"]
[Result "1/2-1/2"]
[WhiteElo "2480"]
[BlackElo "2605"]
[EventDate "1997.07.04"]
[PlyCount "84"]

1.Nf3 Nf6 2.c4 g6 3.Nc3 Bg7 4.e4 d6 5.d4 O-O 6.h3 c6 7.Be3 Nbd7 8.Be2 Ne8 
9.O-O e5 10.dxe5 dxe5 11.Bc5 Qf6 12.Bxf8 Bxf8 13.Qd2 Nc7 14.Ne1 Ne6 15.Nd3
Ndc5 16.Bg4 h5 17.Bxe6 Bxe6 18.Nxc5 Bxc5 19.Qe2 Kg7 20.Nd1 Qf4 21.Qf3 Qxf3
22.gxf3 Rd8 23.Ne3 Rd2 24.Rfd1 Rxb2 25.Rdb1 Rd2 26.Rd1 Re2 27.Re1 Rxe1+ 
28.Rxe1 Bxh3 29.Rd1 Be6 30.Rd8 Kf6 31.Rb8 b6 32.Rb7 Kg5 33.Kg2 a5 34.Rc7 
Bxe3 35.fxe3 Bxc4 36.a3 b5 37.Rxc6 a4 38.Rb6 h4 39.Kf2 Kh5 40.Rc6 g5 41.
Rc5 f6 42.Rc6 Kg6 1/2-1/2

[Event "12th Vidmar Memorial"]
[Site "Portoroz SLO"]
[Date "1997.07.08"]
[Round "4"]
[White "Zviagintsev, Vadim"]
[Black "Csernyin, Alexander"]
[Result "1-0"]
[WhiteElo "2635"]
[BlackElo "2640"]
[EventDate "1997.07.04"]
[PlyCount "101"]

1.c4 Nf6 2.Nc3 e5 3.Nf3 Nc6 4.d4 exd4 5.Nxd4 Bb4 6.Bg5 h6 7.Bh4 O-O 8.Rc1 
Re8 9.e3 Nxd4 10.Qxd4 c5 11.Qd1 g5 12.Bg3 d5 13.cxd5 Qxd5 14.Qxd5 Nxd5 15.
Bb5 Rd8 16.h4 Kg7 17.hxg5 hxg5 18.e4 Nxc3 19.Be5+ f6 20.Bxc3 Bxc3+ 21.Rxc3
Be6 22.Rxc5 Rac8 23.Rxc8 Rxc8 24.Kd2 a6 25.Bd3 Bxa2 26.e5 Rd8 27.Ke3 Bf7 
28.exf6+ Kxf6 29.Rh6+ Ke5 30.Rb6 Bd5 31.Rg6 Rg8 32.Rxg5+ Rxg5 33.f4+ Ke6 
34.fxg5 Bxg2 35.Kf4 Kf7 36.b4 Kg7 37.Ke5 Bh1 38.Kd6 Bf3 39.Kc7 Bg2 40.Kb6 
Bf3 41.Bf5 Kf7 42.Bc8 Kg6 43.Bxb7 Bd1 44.Kxa6 Kxg5 45.Ka5 Kf6 46.b5 Be2 
47.b6 Ke7 48.Bc6 Kd6 49.Bb5 Bf3 50.Ka6 Kc5 51.Bf1 {Schwarz gab auf. Wei 
gewinnt forciert mit dem Laufermanoever:} 1-0

[Event "12th Vidmar Memorial"]
[Site "Portoroz SLO"]
[Date "1997.07.09"]
[Round "5"]
[White "Csernyin, Alexander"]
[Black "Mohr, Georg"]
[Result "1-0"]
[WhiteElo "2640"]
[BlackElo "2480"]
[EventDate "1997.07.04"]
[PlyCount "83"]

1.d4 Nf6 2.c4 g6 3.Nc3 Bg7 4.e4 d6 5.Be2 O-O 6.Bg5 c5 7.d5 e6 8.Qd2 Re8 9.
Nf3 exd5 10.exd5 Bg4 11.O-O Nbd7 12.h3 Bxf3 13.Bxf3 a6 14.a4 Qe7 15.Rae1 
Qf8 16.Bd1 Rxe1 17.Rxe1 Re8 18.Bf4 Rxe1+ 19.Qxe1 Qe8 20.Bd2 Kf8 21.Qxe8+ 
Nxe8 22.g4 Ke7 23.Kg2 a5 24.Nb5 Bxb2 25.Bxa5 g5 26.Bd2 h6 27.f4 Bf6 28.Be2
gxf4 29.Bxf4 Bg5 30.Bg3 Bd2 31.Bh4+ f6 32.Bg3 Nb6 33.Bd3 Kf7 34.Bxd6 Nxa4 
35.Bg3 Nc3 36.d6 Ng7 37.Nc7 Na4 38.Bg6+ Kf8 39.Nd5 Nb2 40.d7 Ne6 41.Bd6+ 
Kg7 42.Bf5 1-0

[Event "12th Vidmar Memorial"]
[Site "Portoroz SLO"]
[Date "1997.07.09"]
[Round "5"]
[White "Beliavsky, Alexander"]
[Black "Zviagintsev, Vadim"]
[Result "1/2-1/2"]
[WhiteElo "2710"]
[BlackElo "2635"]
[EventDate "1997.07.04"]
[PlyCount "88"]

1.d4 Nf6 2.Nf3 d5 3.c4 e6 4.Nc3 Bb4 5.Bg5 Nbd7 6.e3 c5 7.cxd5 exd5 8.Bd3 
c4 9.Bf5 Nb6 10.Bxc8 Rxc8 11.O-O O-O 12.Ne5 Be7 13.Bxf6 Bxf6 14.a4 a5 15.
f4 Qe7 16.Qf3 Rcd8 17.Rf2 Bxe5 18.dxe5 f6 19.exf6 Qxf6 20.Rd1 Qc6 21.Rfd2 
Nxa4 22.Nxa4 Qxa4 23.Rxd5 Rxd5 24.Qxd5+ Kh8 25.Kf2 h6 26.Rd2 Qb4 27.Ke2 c3
28.bxc3 Qxc3 29.Qxb7 Re8 30.Qb6 a4 31.Qd4 Qxd4 32.Rxd4 Ra8 33.Rd2 a3 34.
Ra2 Kg8 35.Kd2 Kf7 36.Kc2 Ke6 37.Kb1 Kf5 38.Rc2 Ke4 39.Rc7 Kxe3 40.Rxg7 
Kxf4 41.Rg6 h5 42.h4 a2+ 43.Ka1 Ra3 44.Rg5 Rg3 1/2-1/2

[Event "12th Vidmar Memorial"]
[Site "Portoroz SLO"]
[Date "1997.07.09"]
[Round "5"]
[White "Kozul, Zdenko"]
[Black "Azmaiparashvili, Zurab"]
[Result "1/2-1/2"]
[WhiteElo "2605"]
[BlackElo "2645"]
[EventDate "1997.07.04"]
[PlyCount "31"]

1.d4 d6 2.Nf3 g6 3.c4 Bg7 4.Nc3 Bg4 5.d5 c6 6.Nd4 Nf6 7.f3 Bd7 8.e4 O-O 9.
Be3 a6 10.Qd2 b5 11.dxc6 Nxc6 12.Nxc6 Bxc6 13.cxb5 axb5 14.Bxb5 Nxe4 15.
fxe4 Bxc3 16.Qxc3 1/2-1/2

[Event "12th Vidmar Memorial"]
[Site "Portoroz SLO"]
[Date "1997.07.11"]
[Round "6"]
[White "Beliavsky, Alexander"]
[Black "Mohr, Georg"]
[Result "1/2-1/2"]
[WhiteElo "2710"]
[BlackElo "2480"]
[EventDate "1997.07.04"]
[PlyCount "100"]

1.d4 Nf6 2.c4 e5 3.dxe5 Ng4 4.Nf3 Bc5 5.e3 Nc6 6.Nc3 O-O 7.Be2 Re8 8.O-O 
Ngxe5 9.Nxe5 Nxe5 10.Kh1 d6 11.Na4 b6 12.Bd2 a5 13.Nxc5 bxc5 14.f4 Nd7 15.
Bf3 Rb8 16.Qc2 a4 17.Rae1 Nf6 18.Bc3 Ng4 19.e4 Qh4 20.h3 a3 21.b3 Nh6 22.
f5 f6 23.Kh2 Nf7 24.g3 Qh6 25.Bd2 g5 26.h4 Qg7 27.Bc1 Bb7 28.Bxa3 Ne5 29.
Bh5 Re7 30.Bc1 g4 31.Bf4 Kh8 32.Qd2 Rd7 33.Qc3 Re7 34.a3 Rg8 35.b4 cxb4 
36.axb4 Ra8 37.Rf2 Qg8 38.c5 Ra2 39.Ree2 Rxe2 40.Rxe2 Bxe4 41.Rxe4 Nf3+ 
42.Kh1 Rxe4 43.Qxf6+ Qg7 44.Qd8+ Qg8 45.Qxg8+ Kxg8 46.f6 Re2 47.f7+ Kg7 
48.Bh6+ Kxh6 49.f8=Q+ Kxh5 50.Qf5+ Kh6 1/2-1/2

[Event "12th Vidmar Memorial"]
[Site "Portoroz SLO"]
[Date "1997.07.11"]
[Round "6"]
[White "Csernyin, Alexander"]
[Black "Kozul, Zdenko"]
[Result "1/2-1/2"]
[WhiteElo "2640"]
[BlackElo "2605"]
[EventDate "1997.07.04"]
[PlyCount "63"]

1.c4 Nf6 2.Nc3 g6 3.e4 d6 4.d4 Bg7 5.f3 O-O 6.Nge2 c6 7.Bg5 a6 8.Qd2 b5 9.
Ng3 Nbd7 10.Rc1 Re8 11.b3 e5 12.d5 b4 13.Nd1 c5 14.Bd3 h5 15.a4 Nf8 16.h4 
N8h7 17.Be3 Kh8 18.Qf2 Ng8 19.Bd2 Nh6 20.Ne3 Rf8 21.Rc2 Qe8 22.Bc1 f5 23.
Nef1 Ra7 24.Kd1 Nf6 25.Qe1 fxe4 26.Nxe4 Nxe4 27.Bxe4 Nf5 28.Be3 Nd4 29.Rb2
Re7 30.Nd2 Nf5 31.Bg5 Rb7 32.Kc1 1/2-1/2

[Event "12th Vidmar Memorial"]
[Site "Portoroz SLO"]
[Date "1997.07.12"]
[Round "7"]
[White "Azmaiparashvili, Zurab"]
[Black "Kozul, Zdenko"]
[Result "1/2-1/2"]
[WhiteElo "2645"]
[BlackElo "2605"]
[EventDate "1997.07.04"]
[PlyCount "36"]

1.d4 Nf6 2.c4 g6 3.Nc3 Bg7 4.e4 d6 5.Nf3 O-O 6.Be2 e5 7.Be3 exd4 8.Nxd4 
Re8 9.f3 c6 10.Bf2 Nbd7 11.Qd2 Ne5 12.O-O Be6 13.Nxe6 Rxe6 14.Rfd1 Qf8 15.
Bf1 Nh5 16.Qc2 Kh8 17.Ne2 c5 18.Rab1 f5 1/2-1/2

[Event "12th Vidmar Memorial"]
[Site "Portoroz SLO"]
[Date "1997.07.12"]
[Round "7"]
[White "Mohr, Georg"]
[Black "Csernyin, Alexander"]
[Result "1/2-1/2"]
[WhiteElo "2480"]
[BlackElo "2640"]
[EventDate "1997.07.04"]
[PlyCount "83"]

1.e4 d6 2.d4 Nf6 3.Nc3 g6 4.g3 c6 5.a4 Nbd7 6.Bg2 Bg7 7.Nge2 O-O 8.O-O b6 
9.h3 a6 10.Be3 Bb7 11.g4 e5 12.Ng3 b5 13.g5 Ne8 14.d5 cxd5 15.Nxd5 Nc7 16.
axb5 axb5 17.Qe2 Nc5 18.Rxa8 Bxa8 19.Rd1 N5e6 20.Nxc7 Qxc7 21.Qxb5 Rb8 22.
Qa4 Bc6 23.Qa2 Nf4 24.c3 h6 25.h4 hxg5 26.hxg5 Bd7 27.Rd2 Be6 28.Qa6 Bf8 
29.Bxf4 exf4 30.Ne2 Qc5 31.Nd4 Bg4 32.Nf3 Bxf3 33.Bxf3 Qxg5+ 34.Kf1 Qh4 
35.Qa7 Re8 36.Qd7 Ra8 37.Qg4 Qh2 38.Qg2 Qh6 39.Rd1 Ra5 40.Qh1 Qg7 41.Qh4 
Ra2 42.Rd2 1/2-1/2

[Event "12th Vidmar Memorial"]
[Site "Portoroz SLO"]
[Date "1997.07.12"]
[Round "7"]
[White "Zviagintsev, Vadim"]
[Black "Beliavsky, Alexander"]
[Result "1/2-1/2"]
[WhiteElo "2635"]
[BlackElo "2710"]
[EventDate "1997.07.04"]
[PlyCount "59"]

1.Nf3 Nf6 2.d4 g6 3.g3 Bg7 4.Bg2 O-O 5.O-O d6 6.Nbd2 Nfd7 7.e4 c5 8.d5 b5 
9.Re1 Nb6 10.Nf1 N8d7 11.Rb1 a5 12.b3 b4 13.Bb2 Nf6 14.c4 bxc3 15.Bxc3 Bb7
16.N3d2 Nfd7 17.Qc2 Bxc3 18.Qxc3 Ba6 19.Ne3 a4 20.h4 axb3 21.axb3 Ne5 22.
h5 Bc8 23.f4 Ng4 24.hxg6 hxg6 25.Ndf1 Ra2 26.Ra1 Rxa1 27.Rxa1 Nxe3 28.Nxe3
Bd7 29.Ra2 f6 30.Bf1 1/2-1/2

[Event "12th Vidmar Memorial"]
[Site "Portoroz SLO"]
[Date "1997.07.13"]
[Round "8"]
[White "Csernyin, Alexander"]
[Black "Zviagintsev, Vadim"]
[Result "1/2-1/2"]
[WhiteElo "2640"]
[BlackElo "2635"]
[EventDate "1997.07.04"]
[PlyCount "48"]

1.c4 e6 2.d4 Nf6 3.Nc3 Bb4 4.Qc2 Nc6 5.Nf3 d5 6.cxd5 exd5 7.Bg5 h6 8.Bxf6 
Qxf6 9.e3 O-O 10.a3 Bxc3+ 11.Qxc3 Bg4 12.Nd2 Rae8 13.Nb3 Re7 14.Bb5 Nd8 
15.O-O c6 16.Bd3 Ne6 17.Rfc1 Rc8 18.Nd2 c5 19.dxc5 Qxc3 20.Rxc3 Rxc5 21.
Rac1 Rxc3 22.Rxc3 d4 23.exd4 Nxd4 24.f3 Ne2+ 1/2-1/2

[Event "12th Vidmar Memorial"]
[Site "Portoroz SLO"]
[Date "1997.07.13"]
[Round "8"]
[White "Kozul, Zdenko"]
[Black "Mohr, Georg"]
[Result "1-0"]
[WhiteElo "2605"]
[BlackElo "2480"]
[EventDate "1997.07.04"]
[PlyCount "105"]

1.d4 Nf6 2.Nf3 g6 3.c4 Bg7 4.Nc3 O-O 5.e4 d6 6.Be2 e5 7.O-O Nh5 8.g3 Bh3 
9.Re1 exd4 10.Nxd4 Nf6 11.Bg5 Nc6 12.Nxc6 bxc6 13.Qd2 Re8 14.Qf4 Qe7 15.c5
Qe5 16.cxd6 cxd6 17.Qxe5 Rxe5 18.Bf4 Ree8 19.Bf3 Rad8 20.Rad1 d5 21.exd5 
Nxd5 22.Rxe8+ Rxe8 23.Nxd5 cxd5 24.Be3 Bxb2 25.Bxd5 a6 26.Rb1 Bc3 27.Rc1 
Be5 28.Rc6 Rd8 29.Bb3 Rd6 30.Rc5 Bf6 31.Rc7 Be6 32.Bc5 Rd7 33.Rc6 Bxb3 34.
axb3 Be7 35.Bxe7 Rxe7 36.Rxa6 Rb7 37.Ra3 Kg7 38.Kf1 Kf6 39.Ke2 Ke5 40.Kd3 
Kd5 41.Ra5+ Kc6 42.Kc4 Kd6 43.b4 Rc7+ 44.Rc5 Re7 45.Rd5+ Kc7 46.Rd2 Re4+ 
47.Kb5 Re1 48.h4 h5 49.Rc2+ Kb7 50.Kc5 Re5+ 51.Kd6 Re6+ 52.Kd7 Kb6 53.Rc4 
1-0

[Event "12th Vidmar Memorial"]
[Site "Portoroz SLO"]
[Date "1997.06.14"]
[Round "9"]
[White "Beliavsky, Alexander"]
[Black "Csernyin, Alexander"]
[Result "1/2-1/2"]
[WhiteElo "2710"]
[BlackElo "2640"]
[EventDate "1997.07.04"]
[PlyCount "45"]

1.e4 d6 2.d4 Nf6 3.Nc3 g6 4.Bg5 h6 5.Bh4 Bg7 6.Qd2 Nbd7 7.O-O-O g5 8.Bg3 
Nh5 9.Nge2 c5 10.Kb1 a6 11.dxc5 Nxc5 12.h4 Qb6 13.Qe3 Nxg3 14.Nxg3 Be6 15.
Nf5 Bxf5 16.exf5 Nd7 17.Qe1 Rc8 18.Rh3 g4 19.Re3 Kf8 20.Rdd3 Ne5 21.Rd1 
Nd7 22.Rdd3 Ne5 23.Rd1 1/2-1/2

[Event "12th Vidmar Memorial"]
[Site "Portoroz SLO"]
[Date "1997.06.14"]
[Round "9"]
[White "Zviagintsev, Vadim"]
[Black "Kozul, Zdenko"]
[Result "1-0"]
[WhiteElo "2635"]
[BlackElo "2605"]
[EventDate "1997.07.04"]
[PlyCount "73"]

1.Nf3 Nf6 2.c4 g6 3.Nc3 Bg7 4.e4 d6 5.d4 O-O 6.Be2 Na6 7.Bf4 Bg4 8.h3 Bxf3
9.Bxf3 Nd7 10.Bg5 c5 11.d5 Qb6 12.Qd2 Rfe8 13.O-O Nc7 14.Rab1 Qa5 15.Be2 
a6 16.a4 e6 17.Qc2 exd5 18.exd5 Qb6 19.Ne4 Bf8 20.Bf4 a5 21.Rfe1 f5 22.Ng5
Ne5 23.g4 fxg4 24.Bxg4 Bg7 25.Re4 Nxg4 26.hxg4 Rxe4 27.Nxe4 Ne8 28.Qe2 h6 
29.g5 h5 30.Nf6+ Nxf6 31.Qe6+ Kh8 32.gxf6 Bf8 33.Qf7 Qb3 34.Qxg6 Qf3 35.
Bxd6 Qg4+ 36.Qxg4 hxg4 37.Be7 1-0

[Event "12th Vidmar Memorial"]
[Site "Portoroz SLO"]
[Date "1997.06.16"]
[Round "10"]
[White "Mohr, Georg"]
[Black "Zviagintsev, Vadim"]
[Result "1/2-1/2"]
[WhiteElo "2480"]
[BlackElo "2635"]
[EventDate "1997.07.04"]
[PlyCount "21"]

1.Nf3 c5 2.c4 Nc6 3.Nc3 Nd4 4.e3 Nxf3+ 5.Qxf3 g6 6.b3 Bg7 7.Bb2 d6 8.Qd1 
Nf6 9.Be2 O-O 10.O-O Ne4 11.Qc2 1/2-1/2